A head full of stories / (Record no. 2210)

MARC details
000 -LEADER
fixed length control field 00821nam a22002417a 4500
005 - DATE AND TIME OF LATEST TRANSACTION
control field 20231110110816.0
020 ## - INTERNATIONAL STANDARD BOOK NUMBER
International Standard Book Number 9781840896237
040 ## - CATALOGING SOURCE
Original cataloging agency FISKH
Language of cataloging eng
Transcribing agency FISKH
Modifying agency FISKH
082 ## - DEWEY DECIMAL CLASSIFICATION NUMBER
Classification number 428.6
100 ## - MAIN ENTRY--PERSONAL NAME
Personal name Swallow, Su
245 ## - TITLE STATEMENT
Title A head full of stories /
Statement of responsibility, etc. by Su Swallow Illustrated by TIm Archbold
250 ## - EDITION STATEMENT
Edition statement This edition published 2010
260 ## - PUBLICATION, DISTRIBUTION, ETC.
Place of publication, distribution, etc. London :
Name of publisher, distributor, etc. Zero to Ten,
Date of publication, distribution, etc. 2010
505 ## - FORMATTED CONTENTS NOTE
Formatted contents note B
520 ## - SUMMARY, ETC.
Summary, etc. It's Jack's story time but his head is too full of stories So he tries to empty his head, ready for a new one. He tells his Grandma a story, and his brother, even his cat But it doesn't work out quite as he had hoped.
521 ## - TARGET AUDIENCE NOTE
Target audience note 150
Source Lexile
521 ## - TARGET AUDIENCE NOTE
Target audience note B
Source Raz-Plus
650 ## - SUBJECT ADDED ENTRY--TOPICAL TERM
Topical term or geographic name entry element story
650 ## - SUBJECT ADDED ENTRY--TOPICAL TERM
Topical term or geographic name entry element Fairytale
700 ## - ADDED ENTRY--PERSONAL NAME
Personal name Archbold, Tim
Relator term illustator
942 ## - ADDED ENTRY ELEMENTS (KOHA)
Source of classification or shelving scheme Dewey Decimal Classification
Koha item type Books
Suppress in OPAC No
999 ## -
-- 2210
-- 2210
Holdings
Withdrawn status Lost status Source of classification or shelving scheme Damaged status Not for loan Collection Home library Current library Shelving location Date acquired Total Checkouts Full call number Barcode Date last seen Date last checked out Price effective from Koha item type
    Dewey Decimal Classification     Juvenile Fiction Footprints International School Library Network Toul Kork Campus Footprints International School Library Network Toul Kork Campus TK Primary Library Room(4th Floor), Bookcase 7, Shelves 57-60, Dark Green Books 11/10/2023 2 SWA 428.6 FISBK06249 04/02/2025 02/04/2025 11/10/2023 Books